Els Nous reptes de la mobilitat a la regió de Barcelona / [consell de redacció: Carles Anglada i Casas ... [et al.]] Carles Anglada i Casas ... [et al.]]

ISBN: 84-88068-71-9
Descripción Física: 112 p. : il., taules, gràf., map. ; 30 cm

MARC

LEADER 00000nam a2200000Ia 4500
001 15284
008 160829s9999 xx 000 0 cat d
020 |a 84-88068-71-9 
080 |a C-2-304 
245 |a Els Nous reptes de la mobilitat a la regió de Barcelona / [consell de redacció:  |b  Carles Anglada i Casas ... [et al.]] 
260 |a [Barcelona] :  |b Institut d'Estudis Regionals i Metropolitans de Barcelona, DL 2003 
300 |a 112 p. :  |b  il., taules, gràf., map. ;  |c 30 cm 
490 |a Papers / Institut d'Estudis Regionals i Metropolitans de Barcelona ; 38 
590 |a A la portada: Regió Metropolitana de Barcelona. Territori-Estratègies-Planejament.  
590 |a A la part inferior de la portada: Federació de Municipis de Catalunya, Àrea metropolitana de Barcelona. Mancomunitat de municipis, Ajuntament de Barcelona, Diputació de Barcelona. Xarxa de municipis, Generalitat de Catalunya.  
590 |a Bibliografia 
650 0 |a Transport  |z Barcelona (Província)   |9 34497 
650 0 |a Transport  |z Catalunya  |9 34498 
700 |a Anglada Casas, Carles   |9 23667 
700 |a Institut d'Estudis Regionals i Metropolitans de Barcelona  |9 17648 
901 |a Arxiu 
942 |n 1 
952 |0 0  |1 0  |4 0  |6 C2304  |7 1  |9 46541  |a Arxiu  |b Arxiu  |d 2016-12-01  |l 0  |o C-2-304  |p 15284  |r 2016-12-01 00:00:00  |w 2016-12-01  |y ARXIU 
999 |c 50332  |d 50332